Elementos para una teología del laicado
Na minha lista:
| Formato: | Livro |
|---|---|
| Idioma: | espanhol |
| Publicado em: |
Roma
Pontificio Consejo para Los Laicos
1979
|
| coleção: | Los Laicos Hoy
|
| Assuntos: | |
| Tags: |
Adicionar Tag
Sem tags, seja o primeiro a adicionar uma tag!
|
MARC
| LEADER | 00000nam a2200000 a 4500 | ||
|---|---|---|---|
| 001 | UCL2272 | ||
| 003 | CL-VaPUC | ||
| 008 | 031017e19790000IT |||||||||||||||||spa|d | ||
| 082 | 0 | 4 | |a 262.15 |b ELE |2 21 |
| 245 | 1 | 0 | |a Elementos para una teología del laicado |
| 300 | |a 149 p | ||
| 942 | |c BK | ||
| 945 | |d 20031017 00:00:00 |a vberengu | ||
| 260 | |a Roma |b Pontificio Consejo para Los Laicos |c 1979 | ||
| 650 | 0 | |a Laicos |9 255625 | |
| 583 | |a last modification |c 20031017 00:00:00 |k Rodrigo Vera | ||
| 490 | 0 | |a Los Laicos Hoy | |
| 999 | |c 305621 |d 305619 | ||
| 952 | |0 0 |1 0 |4 0 |6 262_150000000000000_ELE_1979 |7 0 |8 A |9 369754 |a BIBTEO |b BIBTEO |d 2019-11-21 |i 2090600 |o 262.15 ELE 1979 |p 2090600 |r 2025-01-17 |w 2019-11-21 |y BK |k ICR | ||